<?xml version="1.0" encoding="UTF-8"?>
<record
    xmlns:xsi="http://www.w3.org/2001/XMLSchema-instance"
    xsi:schemaLocation="http://www.loc.gov/MARC21/slim http://www.loc.gov/standards/marcxml/schema/MARC21slim.xsd"
    xmlns="http://www.loc.gov/MARC21/slim">

  <leader>04194    a2200229   4500</leader>
  <controlfield tag="001">43566</controlfield>
  <controlfield tag="005">20260407155717.0</controlfield>
  <controlfield tag="008">260407a1976    arg                 spa d</controlfield>
  <controlfield tag="003">AR-UNSa-BCEJYS</controlfield>
  <datafield tag="040" ind1=" " ind2=" ">
    <subfield code="a">AR-UNSa-BCEJYS</subfield>
    <subfield code="b">spa</subfield>
    <subfield code="c">AR-UNSa-BCEJYS</subfield>
  </datafield>
  <datafield tag="080" ind1=" " ind2=" ">
    <subfield code="a">94:33</subfield>
    <subfield code="x">Historia econ&#xF3;mica</subfield>
  </datafield>
  <datafield tag="245" ind1="1" ind2="0">
    <subfield code="a">Historia econ&#xF3;mica mundial</subfield>
  </datafield>
  <datafield tag="020" ind1=" " ind2=" ">
    <subfield code="a">84-321-0225-3</subfield>
  </datafield>
  <datafield tag="250" ind1=" " ind2=" ">
    <subfield code="a">5a. ed.</subfield>
  </datafield>
  <datafield tag="264" ind1=" " ind2="1">
    <subfield code="a">Madrid :</subfield>
    <subfield code="b">Ediciones Rialp</subfield>
    <subfield code="c">1976</subfield>
  </datafield>
  <datafield tag="300" ind1=" " ind2=" ">
    <subfield code="a">2 v. (446 ; 532 p.)</subfield>
    <subfield code="c">23 cm.</subfield>
  </datafield>
  <datafield tag="505" ind1=" " ind2=" ">
    <subfield code="a">Vol. I - Prehistoria y mundo antiguo: - 1. Las civilizaciones prehist&#xF3;ricas - 2. Principales civilizaciones en la edad del bronce - 3. Las civilizaciones del hierro - 4. La Grecia cl&#xE1;sica - 5. La econom&#xED;a en la &#xE9;poca helen&#xED;stica - 6. El mundo econ&#xF3;mico romano - La edad media: Primera parte: Econom&#xED;a rural. siglo V-XI: - 7. La explotaci&#xF3;n y la producci&#xF3;n agr&#xED;cola - 8. El comercio y la industria - Segunda parte: Econom&#xED;a urbana. Siglo XI-XV: - 9. La econom&#xED;a urbana - 10. La evoluci&#xF3;n demogr&#xE1;fica - 11. Progreso y crisis agr&#xED;cola - 12. LA producci&#xF3;n industrial - 13. La organizaci&#xF3;n del trabajo - 14. El comercio internacional. Rutas, transporte y organizaci&#xF3;n - 15. Los centros y las direcciones del comercio internacional - 16. Las compa&#xF1;&#xED;as mercantiles - 17. R&#xE9;gimen y circulaci&#xF3;n monetaria - 18. Los instrumentos de pago y cr&#xE9;dito - 19. Instituciones crediticias y bancarias - 20. Evoluci&#xF3;n de la conyuntura econ&#xF3;mica - 21. La mentalidad econ&#xF3;mica medieval - Edad moderna: Primera parte: El capitalismo comercial - 22. La primera &#xE9;poca capitalista - 23. El marco pol&#xED;tico y doctrinal de la nueva &#xE9;poca - 24. Las estructuras y movilidad demogr&#xE1;ficas - 25. La estructura y la producci&#xF3;n agr&#xED;cola - 26. El comercio colonial - 27. El comercio europeo. Rutas, puertos, tr&#xE1;ficos - 28. La producci&#xF3;n industrial. T&#xE9;cnica, organizaci&#xF3;n, repartici&#xF3;n geogr&#xE1;fica - 29. Firmas capitalistas y sociedades por acciones - 30. La circulaci&#xF3;n monetaria. Moneda met&#xE1;lica e instrumentos de cr&#xE9;dito - 31. Las instituciones bancarias - 32. El mercado financiero. Ferias y bolsas - 33. La hacienda y el cr&#xE9;dito estatal. La deuda p&#xFA;blica - 34. La tendencia coyuntural. Precios, salarios, situaci&#xF3;n social -.- Vol. II: Edad moderna: Segunda parte: La &#xE9;poca capitalista: - 1. El sistema capitalista - 2. La evoluci&#xF3;n industrial - 3. Las estructuras y el ritmo demogr&#xE1;fico - 4. La revoluci&#xF3;n de la agricultura - 5. Los or&#xED;genes de la moderna industria - 6. Modernizaci&#xF3;n de losn transportes - 7. Pol&#xED;tica comercial. Rutas y tr&#xE1;ficos - 8. Instrumentos de pago y cr&#xE9;dito - 9. El sistema crediticio y bancario - 10. Las bolsas de valores. Las inversiones de capital - 11. Los movimientos de coyuntura. Precios y salarios - 12. Las condiciones del trabajo industrial. La agitaci&#xF3;n obrera - 13. aspectos demogr&#xE1;ficos - 14. Los problemas agr&#xED;colas - 15. El desarrollo industrial - 16. La organizaci&#xF3;n industrial. Las concentraciones. Luchas por el control de mercados - 17. Desarrollo de los transportes - 18. El comercio internacional - 19. El sistema monetario. El cr&#xE9;dito. La banca - 20. Inversiones de capital en el extranjero - 21. Evoluci&#xF3;n de la coyuntura mundial - 22. Los problemas del mundo del trabajo - El mundo econ&#xF3;mico contempor&#xE1;nea desde 1914: El periodo entre las guerras mundiales (1914-1939) - 23. Introducci&#xF3;n general - 24. La etapa de reconstrucci&#xF3;n y prosperidad (1914-1929) - 25. La evoluci&#xF3;n econ&#xF3;mica en los principales pa&#xED;ses (191-1929) - 26. El per&#xED;odo de 1929 a 1939 - 27. Evoluci&#xF3;n de las econom&#xED;as nacionales - 28. Trayectoria econ&#xF3;mica de la U.R.S.S. - El mundo en la actualidad: Desde 1945 a nuestros d&#xED;as:  - 29. Introducci&#xF3;n general: Demograf&#xED;a, pol&#xED;tica econ&#xF3;mica y transformaciones estructurales - 30. La e&#xFA;ltima guerra mundial y la reconstrucci&#xF3;n - 31. Evoluci&#xF3;n general del &lt;&lt;mundo occidental&gt;&gt; desde 1950 - 32. La evoluci&#xF3;n econ&#xF3;mica en los principales pa&#xED;ses occidentales - 33. Los pa&#xED;ses de planificaci&#xF3;n econ&#xF3;mica imperativa - 34. Los pa&#xED;ses subdesarrollados y en v&#xED;as de desarrollo</subfield>
  </datafield>
  <datafield tag="041" ind1=" " ind2=" ">
    <subfield code="a">spa</subfield>
  </datafield>
  <datafield tag="942" ind1=" " ind2=" ">
    <subfield code="c">BK</subfield>
  </datafield>
  <datafield tag="590" ind1=" " ind2=" ">
    <subfield code="a">niveau_biblio:m niveau_hierar:0</subfield>
  </datafield>
  <datafield tag="100" ind1="1" ind2=" ">
    <subfield code="a">Vazquez de Prada, Valentin</subfield>
  </datafield>
  <datafield tag="999" ind1=" " ind2=" ">
    <subfield code="c">3698</subfield>
    <subfield code="d">3698</subfield>
  </datafield>
  <datafield tag="952" ind1=" " ind2=" ">
    <subfield code="0">0</subfield>
    <subfield code="1">0</subfield>
    <subfield code="4">0</subfield>
    <subfield code="7">0</subfield>
    <subfield code="a">BCEJYS</subfield>
    <subfield code="b">BCEJYS</subfield>
    <subfield code="c">16</subfield>
    <subfield code="d">2026-04-07</subfield>
    <subfield code="l">0</subfield>
    <subfield code="o">94:33 V393 v.1 5ed.</subfield>
    <subfield code="p">L53311</subfield>
    <subfield code="r">2026-04-07 15:57:17</subfield>
    <subfield code="w">2026-04-07</subfield>
    <subfield code="y">L</subfield>
  </datafield>
  <datafield tag="952" ind1=" " ind2=" ">
    <subfield code="0">0</subfield>
    <subfield code="1">0</subfield>
    <subfield code="4">0</subfield>
    <subfield code="7">0</subfield>
    <subfield code="a">BCEJYS</subfield>
    <subfield code="b">BCEJYS</subfield>
    <subfield code="c">16</subfield>
    <subfield code="d">2026-04-07</subfield>
    <subfield code="l">0</subfield>
    <subfield code="o">94:33 V393 v.2 5ed.</subfield>
    <subfield code="p">L53313</subfield>
    <subfield code="r">2026-04-07 15:57:17</subfield>
    <subfield code="w">2026-04-07</subfield>
    <subfield code="y">L</subfield>
  </datafield>
  <datafield tag="952" ind1=" " ind2=" ">
    <subfield code="0">0</subfield>
    <subfield code="1">0</subfield>
    <subfield code="4">0</subfield>
    <subfield code="7">0</subfield>
    <subfield code="a">BCEJYS</subfield>
    <subfield code="b">BCEJYS</subfield>
    <subfield code="c">16</subfield>
    <subfield code="d">2026-04-07</subfield>
    <subfield code="l">0</subfield>
    <subfield code="o">94:33 V393 v.2 5ed.</subfield>
    <subfield code="p">L53312</subfield>
    <subfield code="r">2026-04-07 15:57:17</subfield>
    <subfield code="w">2026-04-07</subfield>
    <subfield code="y">L</subfield>
  </datafield>
  <datafield tag="952" ind1=" " ind2=" ">
    <subfield code="0">0</subfield>
    <subfield code="1">0</subfield>
    <subfield code="4">0</subfield>
    <subfield code="7">0</subfield>
    <subfield code="a">BCEJYS</subfield>
    <subfield code="b">BCEJYS</subfield>
    <subfield code="c">16</subfield>
    <subfield code="d">2026-04-07</subfield>
    <subfield code="l">0</subfield>
    <subfield code="o">94:33 V393 v.1 5ed.</subfield>
    <subfield code="p">L53310</subfield>
    <subfield code="r">2026-04-07 15:57:17</subfield>
    <subfield code="w">2026-04-07</subfield>
    <subfield code="y">L</subfield>
  </datafield>
</record>
